[Event "The Asheboro Open XIV"]
[Site "?"]
[Date "2006.07.15"]
[Round "2"]
[White "Cloete, Eugene"]
[Black "Timmel, John"]
[Result "1-0"]
[WhiteElo "1925"]
[BlackElo "2059"]
[Annotator "Fritz 9 (30s)"]
[PlyCount "68"]
[EventDate "2006.??.??"]
[SourceDate "2006.11.11"]

{A37: Symmetrical English vs ...g6: 4 Bg2 Bg7 5 Nf3} 1. Nf3 g6 2. g3 Bg7 3. Bg2
c5 4. O-O Nc6 5. c4 e5 6. Nc3 Nge7 7. d3 O-O 8. e4 d6 9. Nd5 h6 10. Rb1 (10. h3
a6 11. a3 Nxd5 12. cxd5 Ne7 13. b4 cxb4 14. axb4 Nxd5 15. exd5 e4 16. dxe4 Bxa1
17. Bxh6 Bg7 18. Bxg7 Kxg7 19. Qd4+ f6 20. Rc1 Bd7 21. g4 Rc8 22. Rd1 Bb5 23.
Ng5 Bd7 24. Ne6+ Bxe6 {
Chokbengboum,T-Popchev,M (2451)/St Chely d'Aubrac 2003/CBM 095 ext/0-1 (61)})
10... f5 11. a3 g5 $146 (11... fxe4 12. dxe4 Nd4 13. Nxd4 cxd4 14. f4 Nxd5 15.
cxd5 Bd7 16. Bd2 Qb6 17. Kh1 Rac8 18. fxe5 dxe5 19. Bb4 Rxf1+ 20. Qxf1 Bf8 21.
Bh3 Qc7 22. d6 Qc6 23. Bxd7 Qxd7 24. Qf6 Qg4 25. Rf1 Bg7 26. Qf7+ {
Linnanen,L-Luik,H/Helsinki 1989/EXT 2002/0-1 (34)}) (11... f4 12. h3 g5 13. g4
Ng6 14. Nh2 Rf7 15. Bd2 Bf8 16. b4 Nd4 17. f3 Rh7 18. Bc3 h5 19. Bxd4 exd4 20.
gxh5 Rxh5 21. Ng4 Bxg4 22. hxg4 Rh7 23. Kf2 b6 24. Rh1 Nh4 25. bxc5 bxc5 26.
Rb5 {
Kangleon,J (2060)-Van Buskirk,C (2335)/Kissimmee 1997/CBM 058 ext/1/2-1/2 (38)}
) 12. b4 f4 {This push gains space} (12... fxe4 13. dxe4 Nd4 14. Nxd4 cxd4 15.
Bd2 $11) 13. b5 {White threatens to win material: b5xc6} (13. gxf4 exf4 14. h3
b6 $14) 13... Nb8 (13... Nxd5 14. cxd5 (14. bxc6 $143 Nc3 15. cxb7 Bxb7 $19)
14... Nd4 15. Nxd4 cxd4 16. Qh5 $11) 14. Ne1 Nd7 15. g4 (15. Bd2 Nxd5 16. cxd5
Qe8 $11) 15... Nxd5 16. exd5 (16. cxd5 $142 $5 {has some apparent merit} Nf6
17. h3 $15) 16... Nf6 $17 17. h3 Qe8 (17... h5 18. gxh5 Qe8 19. Qe2 $17) 18.
Be4 {A sound move} h5 19. f3 Bd7 20. Rf2 Kf7 21. Rh2 Rh8 22. a4 hxg4 23. fxg4
Nxg4 $4 {(Timmel) Black was determined to not draw this game. Eugene shows his
cool and takes care of business.. with this move Black loses his initiative} (
23... Nxe4 $142 24. dxe4 Qd8 $17) 24. hxg4 $14 Rxh2 25. Kxh2 {
White wins a piece} Qh8+ 26. Kg1 Qh6 {
(Timmel) B did not want to trade Qs, but Qh4 and getting the g pawn is better.}
(26... Qh4 $5 {is interesting} 27. Ng2 Qh3 $14) 27. Rb2 Rh8 28. Rg2 Qh1+ 29.
Kf2 Rh3 30. Ke2 f3+ $4 {the final mistake, not that it matters anymore} (30...
Ke8 $142 $18) 31. Bxf3 e4 (31... Rh2 {
a fruitless try to alter the course of the game} 32. Rxh2 Qxh2+ 33. Ng2 $18)
32. Bxe4 Bc3 (32... Rh2 {is the last straw} 33. Kd2 Rxg2+ 34. Bxg2 Qh4 $18) 33.
Rf2+ Kg7 34. Bxh1 Rxh1 1-0

[Event "The Asheboro Open XIV"]
[Site "?"]
[Date "2006.07.15"]
[Round "1"]
[White "Lawson, Josh"]
[Black "Hogue, Tanner"]
[Result "1-0"]
[WhiteElo "1816"]
[BlackElo "1637"]
[Annotator "Fritz 9 (30s)"]
[PlyCount "99"]
[SourceDate "2006.11.11"]

{B22: Sicilian: 2 c3} 1. e4 c5 2. Nf3 Nc6 3. c3 Nf6 4. e5 Nd5 5. d4 cxd4 6.
cxd4 e6 7. a3 d6 8. Be2 dxe5 9. dxe5 Be7 10. O-O O-O 11. b4 Qc7 $146 (11... b6
12. Bb2 Bb7 13. Qd2 Rc8 14. Re1 Qc7 15. Bd1 Rfd8 16. b5 Na5 17. Qd4 Nb4 18. Qf4
Nd3 {0-1 Sarakauskas,K-Ungure,L (2119)/Platelia 2000/EXT 2005}) (11... f6 12.
Bd3 $11) 12. Bb2 {Black has a cramped position} Rd8 13. Nbd2 Nf4 14. g3 {
Controls h4} Nd3 {Will e5 fall?} 15. Bxd3 Rxd3 {Black has the pair of bishops}
16. Qc2 {White threatens to win material: Qc2xd3} Qd7 {
Black's piece can't move: c8} 17. Rad1 Bxb4 $4 (17... Rd5 $142 $14 {
would keep Black in the game}) 18. axb4 (18. Ne4 $142 {
makes sure everything is clear} Rd5 19. Nfg5 Nxe5 20. Bxe5 $18) 18... Nxb4 19.
Qc4 a5 20. Qe4 (20. Qg4 $142 Kh8 21. Ng5 $18) 20... Rb8 $4 {
the position was bad, and this mistake simply hastens the end} (20... h6 $142
$18) 21. Ng5 g6 22. Qe2 (22. Qh4 {and White can already relax} h5 23. Nde4 Rxd1
24. Nf6+ Kg7 25. Nxd7 Rxf1+ 26. Kxf1 Bxd7 27. Nxf7 Nd5 $18) 22... b6 (22... Qb5
{cannot change what is in store for ?} 23. Nde4 Bd7 24. Nf6+ Kg7 25. Qg4 $18)
23. Nde4 Kg7 24. Nf6 Qb5 (24... Qd8 {doesn't get the bull off the ice} 25. Qf3
Rb7 26. Rxd3 Qxd3 27. Qf4 $18) 25. Rxd3 (25. Nh5+ gxh5 26. Qxh5 Rb7 27. Qxh7+
Kf8 $18) 25... Qxd3 26. Qxd3 (26. Qg4 $142 {secures victory} Nd5 27. Qh4 $18)
26... Nxd3 27. Bc3 Ba6 28. Rb1 (28. Nge4 Rc8 29. Rb1 Rc6 $18) 28... Rc8 (28...
a4 29. Nd7 (29. Ngxh7 $6 b5 $11) (29. Nfxh7 $6 b5 $15) 29... Rb7 30. Rxb6 Rxb6
31. Nxb6 $18) 29. Nge4 Rc6 30. Ne8+ (30. Nd7 Bb7 31. f3 Rc7 $18) 30... Kf8 31.
N8d6 Ke7 (31... a4 32. Kg2 a3 33. Ra1 $18) 32. f4 h5 33. Bd4 Nb4 34. Be3 (34.
Ng5 $5 h4 35. Ngxf7 Kd7 $18) 34... Bd3 35. Rc1 Rxc1+ 36. Bxc1 Nc2 37. Nf2 (37.
Nc3 Kd7 $18) 37... Be2 (37... Ba6 $142 $5 $16) 38. Nc8+ $18 Kd8 39. Nxb6 Kc7
40. Na4 Nd4 41. Be3 (41. Nc3 {might be the shorter path} Nf3+ 42. Kh1 Ba6 $18)
41... Nf3+ 42. Kh1 Bb5 43. Nc3 Bc6 44. Nfe4 Ne1 45. Kg1 Nc2 46. Bc5 (46. Bc1
$142 {seems even better} Bxe4 47. Nxe4 Kc6 $18) 46... a4 $6 {
doesn't faze the opponent} (46... Bxe4 47. Nxe4 Kc6 48. Bf8 $18) 47. Nd2 (47.
Nd6 {keeps an even firmer grip} h4 $18) 47... Be8 (47... Kb7 {
is not the saving move} 48. Kf2 $18) 48. Ndb1 (48. Kf2 {
makes it even easier for White} Bc6 $18) 48... Bd7 (48... Kc6 49. Bf8 $18 (49.
Nxa4 $6 Kb5 $18)) 49. Na3 Be8 (49... Nxa3 {no good, but what else?} 50. Bxa3
Bc6 $18) 50. Nxc2 (50. Nxc2 Kc6 51. Bb4 $18) 1-0

[Event "The Asheboro Open XIV"]
[Site "?"]
[Date "2006.07.15"]
[Round "3"]
[White "Timmel, John"]
[Black "Graves, Joseph"]
[Result "1-0"]
[WhiteElo "2059"]
[BlackElo "1885"]
[Annotator "Fritz 9 (30s)"]
[PlyCount "83"]
[EventDate "2006.??.??"]
[SourceDate "2006.11.11"]

{B70: Sicilian Dragon: 6 g3 and 6 Be2 (without a later Be3)} 1. e4 c5 2. Nf3 d6
3. d4 cxd4 4. Nxd4 Nf6 5. Nc3 g6 6. g3 Bg7 7. Bg2 O-O 8. O-O Nc6 9. Nxc6 bxc6
10. e5 dxe5 11. Qxd8 Rxd8 12. Bxc6 Rb8 13. Bg2 $146 (13. Rd1 Bf5 (13... Rd6 14.
Ba4 Bg4 15. Re1 Bf3 16. Re3 Nd5 17. Nxd5 Bxd5 18. Bb3 Bxb3 19. axb3 a6 20. Ra4
Rc6 21. Re2 f5 22. f3 Kf7 23. Kf2 Rb5 24. Ke1 e4 25. fxe4 Bxb2 {
1/2-1/2 Mathe,G (2415)-Reich,T (2400)/Austria 1996/EXT 98}) 14. Rxd8+ Rxd8 15.
Be3 a6 16. Rc1 Ng4 17. Nd5 e6 18. Ne7+ Kh8 19. Nxf5 gxf5 20. c4 Nxe3 21. fxe3
Bh6 22. Rc3 Bf8 23. c5 Rc8 24. Bb7 Rxc5 25. Rxc5 Bxc5 26. Bxa6 Bxe3+ 27. Kf1
Bd4 {Letelier Martner,R (2205)-Valenzuela Fuentealba,L (2355)/Vina del Mar
1997/CBM 058 ext/1/2-1/2 (64)}) (13. Re1 Bf5 14. Ba4 e4 15. Bb3 Rb7 16. Bg5 h6
17. Bxf6 Bxf6 18. Nxe4 Bxb2 19. Rab1 Rb4 20. Nc5 {
1/2-1/2 Zainullina,N (2176)-Kiselev,A (2251)/Serpukhov 2003/EXT 2005}) (13. Ba4
Bb7 14. Be3 Nd5 15. Nxd5 Bxd5 16. Bb3 a6 17. f3 e6 18. Rad1 Rdc8 19. Rd2 e4 20.
fxe4 Bxb3 21. axb3 Bxb2 22. Rd7 f5 23. Rf2 Rb4 24. exf5 exf5 25. Kg2 Re4 26.
Bh6 Bc3 27. Kf3 Rce8 {Czerniak,M-Nielsen,A/Amsterdam 1954/EXT 2001/1/2-1/2 (40)
}) (13. Be3 Rxb2 14. Rfd1 Rd6 15. Ba4 Rb7 16. Bc5 Rxd1+ 17. Rxd1 Bd7 18. Bxd7
Nxd7 19. Bxe7 f5 20. a4 Kf7 21. Ba3 a6 22. Rd5 Nb6 23. Rd8 e4 24. Nd5 Rd7 25.
Rxd7+ Nxd7 26. Bb4 Be5 27. c4 Ke6 {
Binks,M-Plaskett,J (2485)/Hastings 1995/EXT 97/0-1 (39)}) (13. Re1 Bh3 $15)
13... Bf5 $15 {Black threatens to win material: Bf5xc2} 14. Re1 Bxc2 15. Be3 (
15. Rxe5 e6 16. Ra5 Ng4 $15) 15... a5 (15... Rxb2 $5 16. Re2 Rd3 $17) 16. Rac1
$15 Bf5 ({Instead of} 16... Rxb2 17. Re2 Ng4 18. Rexc2 Rxc2 19. Rxc2 Nxe3 20.
fxe3 $16) 17. b3 e4 18. Bf4 {White threatens to win material: Bf4xb8} Rbc8 19.
Nxe4 Rxc1 20. Nxf6+ (20. Bxc1 $4 {going for material but overlooking...} Bxe4
21. Bxe4 Nxe4 22. Rxe4 Rd1+ 23. Kg2 Rxc1 24. Rxe7 Rc2 25. Re8+ Bf8 $19) 20...
Bxf6 21. Rxc1 Kg7 (21... Bb2 22. Re1 e5 23. Be3 $11 (23. Bxe5 $4 Bxe5 24. h3
Bc3 $19)) 22. Kf1 (22. h3 e5 23. Be3 Be7 $14) 22... e5 $11 {
Black threatens to win material: e5xf4} 23. Be3 Bd3+ 24. Ke1 Be7 25. Bd2 (25.
f4 e4 $11) 25... Bb4 $15 26. Bxb4 axb4 {White has a new backward pawn: a2} 27.
Rd1 Rd7 28. Bh3 f5 (28... Rd4 $142 $5 $17) 29. Bf1 $11 e4 {Black gains space}
30. Bxd3 exd3 {A rook endgame occured.} (30... Rxd3 $4 31. Rxd3 exd3 32. Kd2
$18) 31. Kd2 Kf6 32. f3 f4 33. g4 (33. gxf4 Kf5 $11) 33... Ra7 {
Black threatens to win material: Ra7xa2} (33... Kg5 $142 $5 $15 {
should be investigated more closely}) 34. Kxd3 Rxa2 35. Rd2 Rxd2+ 36. Kxd2 {
A pawn endgame occured} Ke5 $4 {a weak move, ruining a winning position} (36...
Kg5 $142 {is just about the only chance} 37. Ke2 Kh4 $11) 37. Kd3 $18 Kd5 (
37... g5 {the last chance for counterplay} 38. Kc4 Kd6 $18) 38. g5 Ke5 39. Kc4
h6 (39... Kf5 {does not improve anything} 40. h4 Ke6 41. Kxb4 $18) 40. gxh6 Kf6
41. Kxb4 g5 42. Kc4 (42. Kc4 Kg6 43. Kd4 $18) (42. Kc3 $142 $5 {
keeps an even firmer grip} Kg6 43. b4 Kxh6 $18) 1-0

[Event "The Asheboro Open XII"]
[Site "?"]
[Date "2006.05.13"]
[Round "3"]
[White "Haigler, Willard Ian"]
[Black "Hales, William T"]
[Result "0-1"]
[WhiteElo "1565"]
[BlackElo "1634"]
[Annotator "Fritz 9 (30s)"]
[PlyCount "76"]
[SourceDate "2006.11.11"]

{A51: Budapest Gambit, Fajarowicz Variation} 1. d4 Nf6 2. c4 e5 3. d5 Bc5 4. e3
d6 5. a3 a5 6. Nc3 (6. Qc2 Bg4 7. Nc3 Nbd7 8. Be2 Bxe2 9. Ngxe2 O-O 10. Ng3 g6
11. O-O Kg7 12. Bd2 h5 13. h3 h4 14. Nge4 Nxe4 15. Nxe4 a4 16. Nc3 Nb6 17. Ne4
Nd7 18. Nxc5 Nxc5 19. Bc3 f6 20. f4 e4 {
Krueger,B-Riegler,M/Eppingen 2004/EXT 2005/1-0 (41)}) 6... Bf5 7. Nge2 $146 (7.
Bd3 e4 8. Bc2 h5 9. b3 h4 10. h3 Qe7 11. Bb2 Nbd7 12. Qd2 Ne5 13. O-O-O O-O 14.
Na4 Nfd7 15. Ne2 Rfb8 16. Nd4 Bxd4 17. exd4 Nd3+ 18. Bxd3 exd3 19. Nc3 a4 20.
Rhe1 Qd8 21. Qf4 Bg6 {
Everet,A (2290)-Lanzani,M (2375)/Saint Vincent 1998/EXT 99/0-1 (82)}) 7... Ne4
8. Nxe4 Bxe4 9. Ng3 {White threatens to win material: Ng3xe4} Bg6 10. Bd3 O-O (
10... a4 11. O-O $11) 11. O-O (11. Bxg6 fxg6 12. Qg4 Nd7 $11) 11... f5 $15 12.
e4 (12. b3 $15) 12... fxe4 (12... f4 $142 $5 13. Nf5 Nd7 $17) 13. Nxe4 (13.
Bxe4 Qh4 14. Bxg6 hxg6 $14) 13... Bxe4 $11 14. Bxe4 {
The bishop is not easily driven from e4} Nd7 15. Qg4 Nf6 {
Black threatens to win material: Nf6xg4} 16. Qe6+ Kh8 17. Bg5 Qe8 18. Qh3 $4 (
18. Qxe8 $142 {the only rescuing move} Raxe8 19. Rae1 $11) 18... Nxe4 $19 19.
Be3 Bxe3 (19... Qa4 $142 {keeps an even firmer grip} 20. Bxc5 Nxc5 21. Qc3 $19)
20. fxe3 (20. Qxe3 {cannot undo what has already been done} Nc5 21. b4 Na6 $19)
20... Qg6 (20... Qa4 {and Black can already relax} 21. Qh4 Qxc4 22. h3 $19) 21.
Rxf8+ (21. Rac1 {cannot change destiny} Nd2 22. Rfd1 Rf3 $19) 21... Rxf8 22.
Rf1 (22. Qh4 {does not improve anything} Nd2 23. Kh1 Qd3 $19) 22... Rxf1+ (
22... Nf2 {might be the shorter path} 23. Qh4 Qd3 24. g4 $19) 23. Kxf1 Qf7+ 24.
Ke2 h6 (24... Qf2+ {and Black can already relax} 25. Kd3 Nc5+ 26. Kc3 Qe1+ 27.
Kc2 Qe2+ 28. Kb1 Qf1+ 29. Ka2 Qxc4+ 30. Kb1 Qd3+ 31. Ka2 $19) 25. Qh4 (25. Qf3
{does not solve anything} Qg6 26. Qf8+ Kh7 $19) 25... Ng5 (25... Qg6 {
makes it even easier for Black} 26. g3 $19) 26. b4 (26. Qg4 {desperation} Qe8
27. Qf5 $19) 26... axb4 27. axb4 Qf5 28. Qh5 (28. h3 {is still a small chance}
Qc2+ 29. Kf1 $19) 28... Qc2+ 29. Kf1 Qxc4+ (29... Qc1+ 30. Ke2 Qxc4+ 31. Kd1
Qxd5+ 32. Kc1 Qc4+ 33. Kd1 Qf1+ 34. Kc2 Qxg2+ 35. Kb3 Qd5+ 36. Ka3 Qd3+ 37. Kb2
$19) 30. Ke1 (30. Qe2 {does not win a prize} Qxb4 31. Qd3 Ne4 $19) 30... Qxb4+
31. Ke2 Qb2+ 32. Kf1 Qc1+ 33. Ke2 Qc4+ 34. Ke1 Qxd5 (34... Ne4 $142 {
keeps an even firmer grip} 35. Qd1 Qc5 $19) 35. h4 Ne4 36. Qe8+ Kh7 37. Ke2 Nf6
(37... Nc3+ 38. Kf2 Qd2+ 39. Kf3 Qe2+ 40. Kg3 Qxe3+ 41. Kh2 Qf4+ 42. Kg1 Ne2+
43. Kh1 Qxh4#) 38. Qa4 Qxg2+ (38... Qxg2+ 39. Kd3 b5 $19) 0-1

[Event "The Asheboro Open XII"]
[Site "?"]
[Date "2006.05.13"]
[Round "2"]
[White "Hales, William"]
[Black "Williams, Larry"]
[Result "0-1"]
[WhiteElo "1634"]
[BlackElo "1727"]
[Annotator "Fritz 9 (30s)"]
[PlyCount "48"]
[SourceDate "2006.11.11"]

{C45: Scotch Game} 1. e4 e5 2. Nf3 Nc6 3. d4 exd4 4. Nxd4 Nge7 5. c3 (5. Bf4
Ng6 6. Bg3 Bc5 7. Nb3 Bb6 8. Nc3 d6 9. Qd2 O-O 10. O-O-O a5 11. a4 Nb4 12. h4
Re8 13. Kb1 Ne5 14. h5 Be6 15. Nd4 Bxd4 16. Qxd4 h6 17. f4 Nec6 18. Qf2 f5 19.
Bh4 Qc8 {
Mueller,K (2485)-Keitlinghaus,L (2475)/Germany 1996/GER-chT/1/2-1/2 (42)}) 5...
d5 (5... g6 6. Be3 Bg7 7. Nd2 d5 8. Bb5 Bd7 9. Bxc6 Bxc6 10. Nxc6 Nxc6 11. Qb3
Ne7 12. Rd1 dxe4 13. Qxb7 Rb8 14. Qxe4 Rxb2 15. Qa4+ Qd7 16. Qxd7+ Kxd7 17.
Nc4+ Ke6 18. Nxb2 Bxc3+ 19. Rd2 Rd8 20. Na4 {
Zapata,J-Diaz,A/Bogota 2003/EXT 2004/1-0}) 6. Nxc6 bxc6 7. e5 $146 (7. exd5
cxd5 8. Bd3 (8. Bb5+ c6 9. Ba4 Ba6 10. Bf4 Qb6 11. Qb3 Bc4 12. Qxb6 axb6 13. b3
Bd3 14. Na3 b5 15. Kd2 Ng6 16. Rhe1+ Kd7 17. c4 Bxa3 18. cxb5 Nxf4 19. bxc6+
Kc7 20. g3 Bb4+ {0-1 Vasconcelos,R-Lima,F/Lisbon 2001/CBM 080 ext}) 8... g6 9.
Bg5 Bg7 10. O-O O-O 11. Re1 Be6 12. Nd2 c5 13. Nf3 Re8 14. Bb5 Rf8 15. Bc6 Rb8
16. Bxd5 Qxd5 17. Bxe7 Rfc8 18. Qxd5 Bxd5 19. Re2 Rb6 20. Rd2 Be6 21. Rad1 h6 {
Vydeslaver,A (2305)-Mikhalevski,V (2320)/Israel 1992/TD/1-0 (41)}) (7. Be2 $142
$5 $14 {would keep White alive}) 7... Ng6 $15 {
Black threatens to win material: Ng6xe5} 8. Qh5 Bc5 9. Bd3 (9. Nd2 $5 $15) 9...
Qe7 $17 10. Bxg6 $2 (10. f4 $5 $17) 10... fxg6 $19 11. Qe2 a5 (11... O-O $142
12. Be3 Bxe3 13. Qxe3 Rf5 $19) 12. O-O $4 {solves nothing} (12. Be3 $142 $17)
12... Ba6 $19 13. Qg4 (13. Qe1 {there is nothing else anyway} Bxf1 14. Kxf1 $19
) 13... Bxf1 14. Kxf1 O-O 15. f4 Qxe5 16. Na3 (16. Qf3 {
otherwise it's curtains at once} Qf6 17. Na3 $19) 16... Rae8 17. Bd2 Qf5 (17...
Be3 $142 {secures the win} 18. Bxe3 Qxe3 19. g3 $19) 18. Qf3 (18. Qxf5 {
is not much help} Rxf5 19. h4 Rb8 $19) 18... Re6 (18... g5 {
might be the shorter path} 19. g4 Qc8 20. Kg2 $19) 19. b4 (19. g4 {
a fruitless try to alter the course of the game} Qg5 20. Re1 Ref6 21. fxg5
Rxf3+ 22. Ke2 Rf2+ 23. Kd3 R8f3+ 24. Kc2 Bxa3 25. bxa3 Rxh2 $19) 19... axb4 20.
cxb4 Bd4 (20... Bd6 {makes it even easier for Black} 21. Kg1 $19) 21. Rc1 g5
22. g4 Qe4 (22... Qf6 $142 $5 {seems even better} 23. f5 g6 24. Nc2 gxf5 25.
Kg2 $19) 23. Qxe4 dxe4 24. f5 Bb2 (24... Bb2 25. Nc4 Bxc1 26. Bxc1 c5 27. bxc5
g6 $19) 0-1

[Event "The Asheboro Open XI"]
[Site "?"]
[Date "2006.04.08"]
[Round "2"]
[White "Tiselsky, Eugene"]
[Black "Hales, William T"]
[Result "1/2-1/2"]
[WhiteElo "1660"]
[BlackElo "1630"]
[Annotator "Fritz & TH"]
[PlyCount "63"]
[SourceDate "2006.11.11"]

1. d4 {Fritz 8 (20s)} Nf6 {Fritz 8 (20s)} 2. c4 e5 3. e3 e4 4. Nc3 c6 5. d5 (5.
Qa4 d6 6. Nge2 Bf5 7. Ng3 Bg6 8. Be2 Nbd7 9. O-O h5 10. f3 exf3 11. Bxf3 h4 12.
Nge4 Nxe4 13. Nxe4 Be7 14. Bd2 Nf6 15. Ng5 O-O 16. e4 Nd7 17. Nh3 Bf6 18. Bc3
c5 19. e5 dxe5 {Selensky,A-Kalugin,S/Orel 1998/EXT 2002/0-1 (38)}) 5... cxd5
$146 (5... d6 6. Nge2 (6. Be2 Na6 7. a3 Nc7 8. f3 Bf5 9. Nxe4 Nxe4 10. fxe4
Qh4+ 11. g3 Qxe4 12. Nf3 Be7 13. Bd3 Qxd3 {
0-1 De Castet,A-Le Gall,M/Meudon 1992/EXT 98}) 6... Bf5 7. Ng3 Bg6 8. Be2 Nbd7
9. O-O Nb6 10. Qb3 Be7 11. a4 O-O 12. a5 Nbd7 13. Qc2 cxd5 14. cxd5 Nc5 15. b4
Nd3 16. Bxd3 exd3 17. Qd2 Rc8 18. Rb1 Qc7 19. Bb2 Qc4 20. Ba1 {
Sergei-Wilson,K/Dos Hermanas 2004/CBM 099 ext/1-0 (57)}) (5... Na6 6. a3 $11)
6. cxd5 d6 (6... Bb4 7. Nge2 $11) 7. Bb5+ (7. Nxe4 Nxe4 8. Qa4+ Nd7 9. Qxe4+
Be7 $16) 7... Bd7 $14 8. Bxd7+ Nbxd7 9. Qd4 Qe7 10. Nb5 (10. Nge2 $5 $14 {
is noteworthy}) 10... Nc5 $11 11. Nh3 (11. Ne2 g6 12. O-O Bg7 $15) 11... a6 12.
Nc3 Nd3+ (12... g6 13. O-O Bg7 14. Qd1 $15) 13. Ke2 g6 (13... Nc5 $142 $5 $11 {
is a viable option}) 14. Nxe4 $1 $16 {securing the advantage in this game}
Nxc1+ (14... Nxe4 {A pinning theme} 15. Qxh8 {A pinning theme}) 15. Raxc1 (15.
Rhxc1 Bg7 16. Nxf6+ Bxf6 $16) 15... Bg7 16. Qa4+ b5 17. Nxf6+ Qxf6 $2 (17...
Bxf6 $142 $5 {and Black has air to breath} 18. Qb4 O-O $14) 18. Qe4+ $18 Kd7
19. Qg4+ Qf5 20. Qxf5+ gxf5 21. b3 Rac8 22. Ng5 Ke7 23. Kd2 (23. Rc6 Rxc6 24.
dxc6 b4 $18) 23... Bb2 24. Rc2 Ba3 25. Rb1 (25. Nh3 $142 $5 $16) 25... Bb4+ $11
26. Kd1 Rxc2 27. Kxc2 Rg8 28. h4 (28. Nf3 Rxg2 29. Rf1 f4 30. exf4 Rg4 $11)
28... h6 $15 29. Nf3 Rxg2 {Black offered draw; white refused. Black was
playing while directing the tournament...hence the draw offer in a slightly
better position.} 30. Rf1 Bc5 31. Kd3 f4 32. Nd4 {White offered draw; black
accepted. 1/2-1/2 Tiselsky,E-Hales,W/The Asheboro Open XI 2006/[Fritz 8 (20s)]}
1/2-1/2

[Event "The Asheboro Open X"]
[Site "?"]
[Date "2006.04.03"]
[Round "1"]
[White "Chumachenko"]
[Black "Branton"]
[Result "1-0"]
[WhiteElo "2454"]
[BlackElo "1907"]
[Annotator "Fritz 9 (30s)"]
[PlyCount "65"]
[SourceDate "2006.11.11"]

{E12: Queen's Indian: Unusual White 4th moves, 4 a3, 4 Nc3 Bb7 5 a3 and 4 Nc3
Bb7} 1. d4 e6 2. Nf3 Nf6 3. c4 b6 4. a3 Be7 5. d5 O-O 6. Nc3 Bb7 7. g3 Re8 (
7... Na6 8. Bg2 Nc5 9. Nd4 a5 10. O-O Ne8 11. Rb1 Qc8 12. b4 axb4 13. axb4 Na6
14. Nc6 Bf6 15. Ne4 Kh8 16. Nxf6 Nxf6 17. Bb2 Ng8 18. Qd2 f6 19. Bc3 e5 20. f4
Qe8 21. b5 Nc5 22. Nb4 {
Henley,R (2525)-Ivanov,I (2515)/New York 1983/MCD/1/2-1/2}) 8. Bg2 a5 (8... d6
9. O-O Bf8 10. Ne1 c6 11. e4 cxd5 12. exd5 e5 13. Nd3 Nbd7 14. Be3 e4 15. Nf4
Ne5 16. b3 Neg4 17. Re1 Bc8 18. Bd4 g5 19. Nfe2 Bf5 20. h3 Ne5 21. Bxe5 Rxe5
22. Nd4 Qd7 23. Nxf5 {
Sharma,D (2369)-Ahmed,S (2297)/Dhaka 2004/CBM 100 ext/0-1 (72)}) 9. O-O Na6 10.
Bf4 $146 (10. e4 exd5 11. cxd5 d6 12. Nd4 Nc5 13. b3 Bf8 14. Re1 g6 15. Bb2 Bg7
16. Qc2 Ng4 17. Rad1 Qd7 18. h3 Nf6 19. f4 Nh5 20. Kh2 Re7 21. Nc6 Ree8 22. b4
axb4 23. axb4 Na6 24. b5 Nc5 {
Huss,A (2330)-Adhami,V (2335)/La Valetta 1980/EXT 2000/0-1 (35)}) (10. e4 exd5
11. cxd5 Bc5 $14) 10... Nc5 $11 11. Nd4 Bf8 12. Bg5 h6 13. Bxf6 Qxf6 {
Black has the pair of bishops} 14. Ndb5 {
White threatens to win material: Nb5xc7} Rac8 (14... Rec8 $5 $11 {
is interesting}) 15. b4 $14 axb4 (15... exd5 16. bxc5 c6 17. cxb6 cxb5 18. Nxd5
Bxd5 19. Bxd5 Qxb6 20. cxb5 Qxb5 21. e4 $16) 16. axb4 $16 Na6 (16... exd5 $142
$5 17. bxc5 c6 18. cxb6 cxb5 19. Nxd5 Bxd5 20. Bxd5 Qxb6 21. cxb5 Qxb5 $16) 17.
dxe6 $18 Bxg2 18. Kxg2 Qxe6 (18... Ra8 19. exf7+ Qxf7 20. Rxa6 Rxa6 21. Nxc7
$18) 19. Rxa6 Qxc4 (19... c6 20. Na7 (20. Rxb6 $6 Qxc4 21. Nd6 Bxd6 22. Qxd6
Qxc3 $16) 20... Qxc4 21. Qd3 (21. Nxc8 $143 Qxa6 22. Nd6 Re6 $16) (21. Rxb6 $6
{is much weaker} Rc7 22. Qa1 Bxb4 $11) 21... Qxd3 22. exd3 $18) 20. Qd4 (20.
Qd5 $5 {might be the shorter path} Qg4 21. h3 Qg6 22. Qxd7 Bxb4 $18) 20... Qxd4
21. Nxd4 Bxb4 22. Nd5 Bc5 23. e3 Re5 24. Nc3 Kf8 25. Rd1 Ke7 (25... Bb4 26.
Nde2 $18) 26. Nb3 d6 27. f4 Re6 28. e4 Kd7 29. Nxc5+ bxc5 30. e5 f5 $2 (30...
Rb8 $18) 31. Nd5 (31. Nb5 {seems even better} Rb8 32. exd6 cxd6 33. Nxd6 Re2+
34. Kf3 Rxh2 35. Nxf5+ Kc7 $18) 31... Rb8 (31... Kd8 {is not much help} 32. Ne3
g6 33. Nc4 $18) 32. Ra7 Rc8 (32... Rb2+ {is still a small chance} 33. Kg1 dxe5
34. Nxc7+ Ke7 35. Nxe6+ Kxe6 36. Ra6+ Ke7 37. fxe5 Re2 $18) 33. Nb6+ (33. Nb6+
Kd8 34. Nxc8 Kxc8 35. exd6 Rxd6 36. Rxd6 cxd6 37. Rxg7 $18) (33. exd6 $142 $5 {
and White can already relax} Rxd6 34. Nb6+ Kd8 35. Rxd6+ cxd6 36. Nxc8 Kxc8 37.
Rxg7 c4 $18) 1-0